1964 1577 1444 1495 1969 1461 1139 1873 1488 1965 1017 1340 1403 1647 1738 1325 1653 1700 1590 1340 1183 1666 1926 1622 1627 1192 1852 1283 1213 1348 1893 1653 1576 1643 1547 1724 1784 1053 1930 1122 1261 1200 1847 1368 1414 1010 1390 1851 1014 1131 1476 1291 1245 1969 1020 1731 1405 1395 1415 1311 1481 1134 1985 1837 1479 1561 1823 1214 1197 1242 1273 1499 1904 1931 1659 1147 1564 1010 1267 1549 1815 1701 1962 1706 1097 1377 1922 1049 1771 1144 1223 1568 1574 1336 1425 1587 1995 1878 1202 BCNSPRNW ULIB Ver.6.0+V

เปลี่ยนเป็นภาษาไทย

Change to English
 แสดงรายละเอียดบรรณานุกรม
  กลับหน้าหลัก

Brief Record : Get Marc (ISO 2709) : E-mail record : QR code < ปิดหน้าต่าง
LEADER : 00000nam 2200000uu 4500
001    13399122529
003     ULIB
008    110913s2555||||th 000 0 tha d
020    9786162362699
050  4 BQ358^bพ358พ
100 0  พระมหาสมปอง ตาลปุตโต
245 10 พระมหาสมปอง ฉบับ สั้นๆ ไม่ลึก...แต่ซึ้ง /^cพระมหาสมปอง ตาลปุตโต
260    นนทบุรี :^bธิงค์ บียอนด์ บุ๊คส์,^c2555
300    184 หน้า
650  7 ธรรมะ^xรวมเรื่อง
650  7 เทศนา
650  7 พุทธศาสนา
945    ^p160^l0^i19982
995    ทศพร
999    ^aใช้งานได้ทุกระบบ
รายการนี้ยังไม่มีแท็ก
คุณยังไม่ได้ล็อกอิน คุณสามารถมีกิจกรรมร่วมกับเว็บไซต์ได้ แต่ต้องล็อกอินก่อน ::
  ล็อกอิน

รายการสื่อสารสนเทศ

ลำดับที่ ประเภท เลขเรียก/บาร์โค้ด สถานที่ สถานะ
1. การศึกษาทั่วไป
การศึกษาทั่วไป
BQ358 พ358พ ฉ.1 
  Barcode: 19982
ห้องสมุดวิทยาเขตสวรรค์ประชารักษ์
►หนังสือทั่วไป
บนชั้น

รายการใกล้เคียง
    ผู้แต่ง [พระมหาสมปอง ตาลปุตโต]

    หัวเรื่อง [เทศนา]
    หัวเรื่อง [พุทธศาสนา]

BibComment


ยังไม่เคยถูกคอมเมนท์

คอมเมนท์ทรัพยากรรายการนี้
  คอมเมนท์: พระมหาสมปอง ฉบับ ..


 Copyright 2026. Bcnsprnw @Library